Répertoire de la statuaire grecque et romaine / (Record no. 126092)

MARC details
000 -LEADER
campo de control de longitud fija 00684nam a2200229 i 4500
001 - NÚMERO DE CONTROL
campo de control 126092
003 - IDENTIFICADOR DE NÚMERO DE CONTROL
campo de control ES-MaACL
005 - FECHA Y HORA DE LA ÚLTIMA TRANSACCIÓN
campo de control 20250904063058.0
007 - CAMPO FIJO DE DESCRIPCIÓN FÍSICA--INFORMACIÓN GENERAL
campo de control de longitud fija t|
008 - DATOS DE LONGITUD FIJA--INFORMACIÓN GENERAL
campo de control de longitud fija 070214m19061910fr r ||||1| fre d
100 1# - ENTRADA PRINCIPAL--NOMBRE DE PERSONA
9 (RLIN) 242211
Nombre de persona Reinach, Salomon,
Fechas asociadas al nombre 1858-1932
Término indicativo de función/relación Autor
110 1# - ENTRADA PRINCIPAL--NOMBRE DE ENTIDAD CORPORATIVA
Nombre de entidad corporativa o nombre de jurisdicción como elemento de entrada
9 (RLIN) 242204
245 10 - MENCIÓN DEL TÍTULO
Título Répertoire de la statuaire grecque et romaine /
Mención de responsabilidad, etc. Salomon Reinach.
250 ## - MENCION DE EDICION
Mención de edición 2e éd.
260 ## - PUBLICACIÓN, DISTRIBUCIÓN, ETC.
Lugar de publicación, distribución, etc. Paris :
Nombre del editor, distribuidor, etc. Ernest Leroux,
Fecha de publicación, distribución, etc. 1906-1910.
300 ## - DESCRIPCIÓN FÍSICA
Extensión 4 t. en 5 v. :
Otras características físicas il. ;
Dimensiones 20 x 14 cm.
650 07 - PUNTO DE ACCESO ADICIONAL DE MATERIA--TÉRMINO DE MATERIA
Término de materia o nombre geográfico como elemento de entrada Escultura griega
Fuente del encabezamiento o término embne
9 (RLIN) 12443
650 #7 - PUNTO DE ACCESO ADICIONAL DE MATERIA--TÉRMINO DE MATERIA
Término de materia o nombre geográfico como elemento de entrada Escultura romana
Fuente del encabezamiento o término embne
9 (RLIN) 136052
852 ## - LOCALIZACIÓN
Ubicación ES-MaACL
Número de control de estantería F-2027-31
942 ## - ELEMENTOS DE ENTRADA SECUNDARIOS (KOHA)
Fuente del sistema de clasificación o colocación Clasificación decimal universal
Holdings
Estatus retirado Estado de pérdida Estado de daño No para préstamo Biblioteca de origen Biblioteca actual Ubicación en estantería Fecha de adquisición Fuente de adquisición Total de préstamos Signatura topográfica completa Código de barras Visto por última vez Precio de reemplazo Tipo de ítem Koha
        Biblioteca del Ateneo de Madrid Biblioteca del Ateneo de Madrid Depósito 2 17/01/2008     F-2027-31 1131340 23/02/2023 23/02/2023 Libro impreso